000 00340nam a2200133Ia 4500
008 220204s9999 xx 000 0 und d
082 _a678
_bBIL:1
100 _aBilmeyer, Fred W
245 0 _aText book of polymer science
260 _aNew York
_bJohn Wiley
_c1962
650 _aFiber technology
650 _aPolymer science
942 _cBK
999 _c19771
_d19771